00477nam a2200181Ia 45000030006000000050017000060080041000230200018000640400009000820410012000910820016001031000016001192450060001352600040001953000008002355050026002436500026002690Nust20170105110248.0161124s9999 xx 000 0 und d a81-7319-390-8 cIGIS aEnglish a557.32bQUR aQureshy M N aGeophysical framework of India, Bangladesh and Pakistan aNew DelhibNarosa publicationc2005 a263 aGeophysical framework aGeophysical framework